ბათუმის შოთა რუსთაველის სახელმწიფო უნივერსიტეტის ბიბლიოთეკა

Scenario. Methode de frangais.(Avec la collaboration dე Emmanuelle Daill. (ბიბ.ჩანაწერი № 50801)

000 -LEADER
fixed length control field 00622nam a2200241Ia 4500
001 - CONTROL NUMBER
control field 17753
003 - CONTROL NUMBER IDENTIFIER
control field GE_BSU
008 - FIXED-LENGTH DATA ELEMENTS--GENERAL INFORMATION
fixed length control field 181216s||||||||xx |||||||||||||| ||und||
010 ## - LIBRARY OF CONGRESS CONTROL NUMBER
LC control number 978201155564
040 ## - CATALOGING SOURCE
Transcribing agency GE_BSU
080 ## - UNIVERSAL DECIMAL CLASSIFICATION NUMBER
Universal Decimal Classification number 811.133.1
100 ## - MAIN ENTRY--PERSONAL NAME
Personal name Guiloux,Michel
245 ## - TITLE STATEMENT
Title Scenario. Methode de frangais.(Avec la collaboration dე Emmanuelle Daill.
245 ## - TITLE STATEMENT
Remainder of title (ქსეროქსი)
260 ## - PUBLICATION, DISTRIBUTION, ETC.
Place of publication, distribution, etc. Paris
260 ## - PUBLICATION, DISTRIBUTION, ETC.
Name of publisher, distributor, etc. Hachette
260 ## - PUBLICATION, DISTRIBUTION, ETC.
Date of publication, distribution, etc. 2008
300 ## - PHYSICAL DESCRIPTION
Extent 160p;30cm,
653 ## - INDEX TERM--UNCONTROLLED
Uncontrolled term Scenario. Methode de francais
653 ## - INDEX TERM--UNCONTROLLED
Uncontrolled term ფრანგული ენა
942 ## - ADDED ENTRY ELEMENTS (KOHA)
Koha item type წიგნი
ეგზემპლარები
Withdrawn status Lost status Damaged status Not for loan Date acquired Barcode Date last seen Price effective from Koha item type
        2018-12-17 ქსეროქსი-27 2018-12-17 2018-12-17 წიგნი